| 000 -LEADER |
| fixed length control field |
00707cam a2200205 a 4500 |
| 020 ## - INTERNATIONAL STANDARD BOOK NUMBER |
| ISBN |
9789251069288 |
| 020 ## - INTERNATIONAL STANDARD BOOK NUMBER |
| ISBN |
925106928X |
| 040 ## - CATALOGING SOURCE |
| Transcribing agency |
DKU |
| 082 ## - DEWEY DECIMAL CLASSIFICATION NUMBER |
| Classification number |
597 FOO 2011 A082 Or. |
| 100 1# - MAIN ENTRY--AUTHOR NAME |
| Personal name |
Renaud, Claude B. |
| 245 10 - TITLE STATEMENT |
| Title |
Lampreys of the world : |
| Remainder of title |
an annotated and illustrated catalogue of lamprey species known to date / |
| 260 ## - PUBLICATION, DISTRIBUTION, ETC. (IMPRINT) |
| Place of publication |
Rome : |
| Name of publisher |
Food and Agriculture Organization of the United Nations, |
| Year of publication |
2011. |
| 300 ## - PHYSICAL DESCRIPTION |
| Number of Pages |
vi, 109 p. : |
| Other physical details |
ill., col. maps. ; |
| Dimensions |
30 cm. |
| 490 1# - SERIES STATEMENT |
| Series statement |
FAO species catalogue for fishery purposes, |
| 500 ## - GENERAL NOTE |
| General note |
"FIR/Cat. 5." |
| 500 ## - GENERAL NOTE |
| General note |
"FAO fish finder." |
| 650 #0 - SUBJECT ADDED ENTRY--TOPICAL TERM |
| Topical Term |
Lampreys. |
| 710 2# - ADDED ENTRY--CORPORATE NAME |
| Corporate name or jurisdiction name as entry element |
Food and Agriculture Organization of the United Nations. |
| 942 ## - ADDED ENTRY ELEMENTS (KOHA) |
| Koha item type |
សៀវភៅភាសាអង់គ្លេស |
| 952 ## - LOCATION AND ITEM INFORMATION (KOHA) |
| Withdrawn status [LOCAL, KOHA] |
0 |